1912 1458 1389 1271 1594 1510 1801 1412 1378 1525 1897 1390 1349 1711 1018 1907 1131 1513 1622 1492 1828 1783 1338 1341 1962 1921 1848 1247 1198 1902 1260 1146 1173 1912 1443 1010 1406 1899 1989 1460 1106 1809 1691 1151 1013 1105 1861 1665 1911 1829 1980 1625 1633 1129 1764 1571 1971 1825 1435 1551 1028 1722 1908 1923 1963 1171 1591 1327 1320 1844 1046 1955 1794 1680 1755 1678 1888 1672 1786 1614 1345 1691 1582 1158 1475 1986 1417 1539 1719 1441 1450 1257 1519 1132 1523 1053 1531 1804 1762 BCNSPRNW ULIB Ver.6.0+V

เปลี่ยนเป็นภาษาไทย

Change to English
 แสดงรายละเอียดบรรณานุกรม
  กลับหน้าหลัก

Brief Record : Get Marc (ISO 2709) : E-mail record : QR code < ปิดหน้าต่าง
LEADER : 00000nam 2200000uu 4500
001    13399112500
003     ULIB
008    110819s2549||||th 000 0 tha d
020    9789749995037
050 04 LB3969^bบ271จ 2549
100 0  บันลือ พฤกษะวัน
245 10 จุดประกายสมองของเด็กปฐมวัย (คู่มือครูและผู้ปกครอง) /^cบันลือ พฤกษะวัน
250    พิมพ์ครั้งที่ 2
260    กรุงเทพฯ :^bสำนักพิมพ์แห่งจุฬาลงกรณ์มหาวิทยาลัย,^c2549
300    239 หน้า :^bตาราง
504    บรรณานุกรม: หน้า 236-239
650  7 การศึกษาปฐมวัย
650  7 การศึกษาขั้นประถมศึกษา
650  7 พัฒนาการของเด็ก
650  7 สมอง
945    ^p130^l0^i020552
995    ทศพร
999 ^a ทศพร
รายการนี้ยังไม่มีแท็ก
คุณยังไม่ได้ล็อกอิน คุณสามารถมีกิจกรรมร่วมกับเว็บไซต์ได้ แต่ต้องล็อกอินก่อน ::
  ล็อกอิน

รายการสื่อสารสนเทศ

ลำดับที่ ประเภท เลขเรียก/บาร์โค้ด สถานที่ สถานะ
- ไม่พบข้อมูล -

รายการใกล้เคียง
    ผู้แต่ง [บันลือ พฤกษะวัน]

    หัวเรื่อง [การศึกษาปฐมวัย]
    หัวเรื่อง [การศึกษาขั้นประถมศึกษา]
    หัวเรื่อง [พัฒนาการของเด็ก]
    หัวเรื่อง [สมอง]

BibComment


ยังไม่เคยถูกคอมเมนท์

คอมเมนท์ทรัพยากรรายการนี้
  คอมเมนท์: จุดประกายสมองของเ..


 Copyright 2026. Bcnsprnw @Library